[Event "Olomouc Chess Summer 2022 - D"]
[Site "Olomouc (CZE), Hotel Flora"]
[Date "2022.08.14"]
[Round "3"]
[Board "9"]
[White "Loibl, Johann"]
[Black "Johnsen, Gunnar"]
[Result "0-1"]
[WhiteElo "1784"]
[BlackElo "2137"]
[PlyCount "0"]
[EventDate "2022.08.13"]
[EventRounds "9"]
[EventCountry "CZE"]

1. e4 {[%clk 1:30:56]} e6 {[%clk 1:30:46]} 2. Qe2 {[%clk 1:31:21]} c5
{[%clk 1:31:11]} 3. Nf3 {[%clk 1:31:40]} Nc6 {[%clk 1:31:24]} 4. g3
{[%clk 1:31:31]} Nge7 {[%clk 1:27:58]} 5. Bg2 {[%clk 1:30:49]} d5
{[%clk 1:26:28]} 6. exd5 {[%clk 1:28:52]} Nxd5 {[%clk 1:24:06]} 7. Nc3
{[%clk 1:26:06]} Be7 {[%clk 1:20:17]} 8. O-O {[%clk 1:22:28]} O-O
{[%clk 1:19:31]} 9. Rd1 {[%clk 1:15:25]} Nc7 {[%clk 1:11:09]} 10. d3
{[%clk 1:03:23]} f6 {[%clk 1:03:22]} 11. Be3 {[%clk 0:55:57]} e5 {[%clk 1:02:54]}
12. Ne4 {[%clk 0:54:32]} Nd4 {[%clk 0:55:56]} 13. Nxd4 {[%clk 0:50:28]} cxd4
{[%clk 0:55:14]} 14. Bd2 {[%clk 0:50:32]} f5 {[%clk 0:53:15]} 15. Nc3
{[%clk 0:49:00]} dxc3 {[%clk 0:53:15]} 16. Bxc3 {[%clk 0:49:24]} Bf6
{[%clk 0:48:44]} 17. Bxe5 {[%clk 0:48:08]} Bxe5 {[%clk 0:43:58]} 18. Qxe5
{[%clk 0:48:31]} Re8 {[%clk 0:43:03]} 19. Qc5 {[%clk 0:47:22]} Be6
{[%clk 0:27:56]} 20. Bxb7 {[%clk 0:38:59]} Rb8 21. Bc6 {[%clk 0:36:58]} Rf8
{[%clk 0:26:47]} 22. b3 {[%clk 0:32:02]} f4 {[%clk 0:25:34]} 23. Re1
{[%clk 0:30:10]} Rb6 {[%clk 0:23:03]} 24. Be4 {[%clk 0:23:44]} Rb5
{[%clk 0:15:52]} 25. Qc6 {[%clk 0:22:32]} Rh5 {[%clk 0:15:02]} 26. f3
{[%clk 0:15:59]} fxg3 {[%clk 0:11:33]} 27. hxg3 Qd4+  0-1

[Event "Olomouc Chess Summer 2022 - D"]
[Site "Olomouc (CZE), Hotel Flora"]
[Date "2022.08.14"]
[Round "3"]
[Board "11"]
[White "Pospisil, Evzen"]
[Black "Musil, Vitezslav"]
[Result "1/2-1/2"]
[WhiteElo "2045"]
[BlackElo "1857"]
[PlyCount "0"]
[EventDate "2022.08.13"]
[EventRounds "9"]
[EventCountry "CZE"]

1. d4 {[%clk 1:30:58]} Nf6 {[%clk 1:29:48]} 2. Nf3 {[%clk 1:31:21]} g6
{[%clk 1:30:13]} 3. c4 {[%clk 1:31:47]} Bg7 {[%clk 1:30:27]} 4. g3
{[%clk 1:32:08]} d6 {[%clk 1:30:45]} 5. Bg2 {[%clk 1:32:23]} O-O {[%clk 1:31:00]}
6. O-O {[%clk 1:32:44]} Bg4 {[%clk 1:30:58]} 7. h3 {[%clk 1:29:56]} Bxf3
{[%clk 1:31:04]} 8. Bxf3 {[%clk 1:30:18]} Nc6 {[%clk 1:31:28]} 9. Nc3
{[%clk 1:26:49]} Nd7 {[%clk 1:31:38]} 10. e3 {[%clk 1:23:00]} e5 {[%clk 1:31:47]}
11. d5 {[%clk 1:15:14]} Ne7 {[%clk 1:32:09]} 12. e4 {[%clk 1:12:50]} f5
{[%clk 1:26:00]} 13. Bd2 {[%clk 1:05:57]} Kh8 {[%clk 1:18:33]} 14. Kg2
{[%clk 0:59:47]} Ng8 {[%clk 1:16:23]} 15. Qc1 {[%clk 0:56:05]} a6
{[%clk 1:08:26]} 16. b4 {[%clk 0:51:11]} f4 17. g4 {[%clk 0:50:36]} h5
{[%clk 0:55:00]} 18. Rh1 {[%clk 0:50:17]} Nh6 {[%clk 0:51:36]} 19. Kf1
{[%clk 0:47:38]} hxg4 {[%clk 0:49:14]} 20. hxg4 {[%clk 0:46:27]} Qg5
{[%clk 0:48:51]} 21. Ke2 {[%clk 0:45:33]} Kg8 {[%clk 0:47:25]} 22. Qg1
{[%clk 0:44:44]} Kf7 {[%clk 0:45:47]} 23. Qh2 {[%clk 0:38:58]} Rh8
{[%clk 0:43:38]} 24. Qh4 {[%clk 0:37:36]} Qxh4 25. Rxh4 Bf6 {[%clk 0:37:45]} 26.
Rh2 {[%clk 0:36:48]} Bg5 {[%clk 0:37:50]} 27. Kd3 {[%clk 0:35:08]} Nf6
{[%clk 0:31:28]} 28. Rg1 {[%clk 0:34:08]} Kg7 {[%clk 0:30:17]} 29. Bd1
{[%clk 0:33:08]} Nf7 {[%clk 0:15:34]} 30. Rgh1 {[%clk 0:33:07]} Rxh2
{[%clk 0:14:30]} 31. Rxh2 {[%clk 0:33:31]} b5 {[%clk 0:13:42]} 32. f3
{[%clk 0:32:48]} bxc4+ {[%clk 0:12:57]} 33. Kxc4 {[%clk 0:33:05]} Nd7  1/2-1/2

[Event "Olomouc Chess Summer 2022 - D"]
[Site "Olomouc (CZE), Hotel Flora"]
[Date "2022.08.14"]
[Round "3"]
[Board "12"]
[White "Jerman, Richard"]
[Black "Prucek, Ladislav"]
[Result "1-0"]
[WhiteElo "2038"]
[BlackElo "1834"]
[PlyCount "0"]
[EventDate "2022.08.13"]
[EventRounds "9"]
[EventCountry "CZE"]

1. e4 e5 2. Nf3 {[%clk 1:30:48]} Nc6 {[%clk 1:30:49]} 3. d4 {[%clk 1:30:48]} exd4
{[%clk 1:29:32]} 4. Bc4 {[%clk 1:31:10]} Be7 {[%clk 1:28:37]} 5. c3
{[%clk 1:28:30]} d6 {[%clk 1:28:32]} 6. cxd4 {[%clk 1:26:36]} Nf6
{[%clk 1:27:43]} 7. Nc3 {[%clk 1:26:40]} O-O {[%clk 1:27:56]} 8. h3
{[%clk 1:26:38]} a6 {[%clk 1:27:56]} 9. a4 {[%clk 1:26:15]} Bd7 {[%clk 1:26:33]}
10. O-O {[%clk 1:26:14]} Na5 {[%clk 1:23:05]} 11. Bd3 {[%clk 1:23:53]} c5
{[%clk 1:19:35]} 12. dxc5 {[%clk 1:21:57]} dxc5 {[%clk 1:19:48]} 13. e5
{[%clk 1:21:01]} Ne8 {[%clk 1:19:31]} 14. Qc2 {[%clk 1:17:55]} g6
{[%clk 1:19:09]} 15. Bh6 {[%clk 1:16:50]} Ng7 {[%clk 1:19:31]} 16. Rad1
{[%clk 1:15:57]} Qe8 {[%clk 1:16:22]} 17. Nd5 {[%clk 1:00:59]} Qd8
{[%clk 1:04:02]} 18. Qc3 {[%clk 0:56:19]} Bxa4 {[%clk 0:56:31]} 19. Bc2
{[%clk 0:48:22]} Bxc2 {[%clk 0:56:15]} 20. Nf6+ {[%clk 0:47:47]} Bxf6
{[%clk 0:54:22]} 21. Rxd8 {[%clk 0:47:54]} Bxd8 {[%clk 0:54:19]} 22. Qxc2
{[%clk 0:46:53]} b6 {[%clk 0:52:52]} 23. Rd1 {[%clk 0:44:08]} Re8
{[%clk 0:51:37]} 24. Bxg7 {[%clk 0:44:22]} Kxg7 {[%clk 0:51:56]} 25. Rd7
{[%clk 0:43:49]} Re7 {[%clk 0:51:20]} 26. Qd3 {[%clk 0:42:06]} Nc6
{[%clk 0:47:38]} 27. Qd6 {[%clk 0:34:32]} Rxd7 {[%clk 0:36:36]} 28. Qxd7
{[%clk 0:34:48]} Ne7 {[%clk 0:35:41]} 29. Ng5 {[%clk 0:30:22]} h6
{[%clk 0:35:51]} 30. Ne4 {[%clk 0:30:03]} a5 {[%clk 0:29:38]} 31. Nd6
{[%clk 0:28:17]} a4 {[%clk 0:25:11]} 32. Qe8 {[%clk 0:28:27]} b5 {[%clk 0:24:06]}
33. Qxf7+ {[%clk 0:28:05]} Kh8 {[%clk 0:24:34]} 34. Ne8 {[%clk 0:27:23]}  1-0

[Event "Olomouc Chess Summer 2022 - D"]
[Site "Olomouc (CZE), Hotel Flora"]
[Date "2022.08.14"]
[Round "3"]
[Board "13"]
[White "Heppell, Ian N"]
[Black "Zidu, Jan"]
[Result "1/2-1/2"]
[WhiteElo "2031"]
[BlackElo "1815"]
[PlyCount "0"]
[EventDate "2022.08.13"]
[EventRounds "9"]
[EventCountry "CZE"]

1. e4 {[%clk 1:30:55]} c6 {[%clk 1:30:34]} 2. Nc3 {[%clk 1:30:48]} d5
{[%clk 1:30:57]} 3. Nf3 {[%clk 1:30:58]} Bg4 {[%clk 1:31:22]} 4. h3
{[%clk 1:30:38]} Bxf3 {[%clk 1:30:17]} 5. Qxf3 {[%clk 1:31:01]} e6
{[%clk 1:26:01]} 6. d3 {[%clk 1:28:54]} Nd7 {[%clk 1:24:36]} 7. Bd2
{[%clk 1:18:12]} Qf6 {[%clk 1:24:38]} 8. Be2 {[%clk 1:16:00]} Qxf3
{[%clk 1:24:59]} 9. Bxf3 {[%clk 1:16:24]} Ne5 {[%clk 1:19:49]} 10. Be2
{[%clk 1:15:16]} Bb4 {[%clk 1:16:28]} 11. a3 {[%clk 1:11:12]} Ba5
{[%clk 1:16:40]} 12. O-O-O {[%clk 0:54:02]} Ne7 {[%clk 1:01:16]} 13. f4
{[%clk 0:51:18]} Nd7 {[%clk 1:00:44]} 14. Bf3 {[%clk 0:50:35]} d4
{[%clk 0:58:19]} 15. Ne2 {[%clk 0:49:39]} Bxd2+ {[%clk 0:57:17]} 16. Rxd2
{[%clk 0:45:47]} c5 {[%clk 0:57:40]} 17. g4 {[%clk 0:41:12]}  1/2-1/2

[Event "Olomouc Chess Summer 2022 - D"]
[Site "Olomouc (CZE), Hotel Flora"]
[Date "2022.08.14"]
[Round "3"]
[Board "14"]
[White "Kudrlicka, Ladislav"]
[Black "Bartos, Alois"]
[Result "0-1"]
[WhiteElo "2003"]
[BlackElo "1843"]
[PlyCount "0"]
[EventDate "2022.08.13"]
[EventRounds "9"]
[EventCountry "CZE"]

1. d4 {[%clk 1:30:54]} Nf6 {[%clk 1:30:54]} 2. Nf3 {[%clk 1:31:09]} g6
{[%clk 1:31:07]} 3. Bg5 {[%clk 1:31:21]} Bg7 {[%clk 1:31:29]} 4. Nbd2
{[%clk 1:31:43]} O-O {[%clk 1:31:26]} 5. e4 {[%clk 1:31:52]} d6 {[%clk 1:31:28]}
6. Be2 {[%clk 1:30:19]} Nbd7 {[%clk 1:30:40]} 7. O-O {[%clk 1:30:30]} c5
{[%clk 1:30:05]} 8. c3 {[%clk 1:29:59]} cxd4 {[%clk 1:29:10]} 9. cxd4
{[%clk 1:30:05]} h6 {[%clk 1:26:54]} 10. Be3 {[%clk 1:27:07]} Ng4
{[%clk 1:23:58]} 11. Bf4 {[%clk 1:26:11]} e5 {[%clk 1:19:40]} 12. dxe5
{[%clk 1:21:28]} Ngxe5 {[%clk 1:18:42]} 13. Rb1 {[%clk 1:04:42]} Nc5
{[%clk 1:13:13]} 14. Nxe5 {[%clk 0:51:36]} dxe5 {[%clk 1:13:02]} 15. Be3
{[%clk 0:51:45]} Ne6 {[%clk 1:11:37]} 16. Bc4 {[%clk 0:47:58]} Qe7
{[%clk 1:06:03]} 17. f3 {[%clk 0:43:11]} Rd8 {[%clk 1:01:30]} 18. Qe2
{[%clk 0:41:30]} Nd4 {[%clk 0:55:46]} 19. Qf2 {[%clk 0:41:39]} Be6
{[%clk 0:53:30]} 20. Rbc1 {[%clk 0:37:20]} Rac8 {[%clk 0:51:53]} 21. Bxe6
{[%clk 0:35:58]} Qxe6 {[%clk 0:52:06]} 22. b3 {[%clk 0:35:48]} b5
{[%clk 0:49:54]} 23. Nb1 {[%clk 0:35:30]} b4 {[%clk 0:48:43]} 24. Nd2
{[%clk 0:35:26]} Qa6 {[%clk 0:44:37]} 25. Nc4 {[%clk 0:34:09]} Qe6
{[%clk 0:41:28]} 26. Nb2 {[%clk 0:30:06]} a5 {[%clk 0:40:53]} 27. Rxc8
{[%clk 0:28:44]} Rxc8 {[%clk 0:40:50]} 28. Nc4 {[%clk 0:28:50]} a4
{[%clk 0:40:28]} 29. f4 {[%clk 0:27:15]} axb3 {[%clk 0:40:33]} 30. axb3
{[%clk 0:26:46]} Nxb3 {[%clk 0:38:47]} 31. Nxe5 {[%clk 0:25:23]} Kh7
{[%clk 0:30:50]} 32. Rb1 {[%clk 0:22:16]} Rc3 {[%clk 0:29:55]} 33. Bd4
{[%clk 0:17:26]} Nxd4 {[%clk 0:23:04]} 34. Qxd4 {[%clk 0:17:54]} Qc8
{[%clk 0:23:10]} 35. Qxb4 {[%clk 0:17:12]} Rc1+ {[%clk 0:23:13]} 36. Rxc1
{[%clk 0:17:12]} Qxc1+ {[%clk 0:23:37]} 37. Kf2 {[%clk 0:17:13]} Qxf4+
{[%clk 0:23:58]} 38. Nf3 {[%clk 0:17:32]} Qc7 {[%clk 0:18:23]} 39. Qb3
{[%clk 0:15:45]} Kg8 {[%clk 0:17:44]} 40. Qd5 {[%clk 0:15:24]} Qc2+
{[%clk 0:09:55]} 41. Kg3 {[%clk 0:09:03]} g5 {[%clk 0:08:29]} 42. h3
{[%clk 0:04:53]} Qc7+ {[%clk 0:07:59]} 43. e5 {[%clk 0:02:12]} Bf8
{[%clk 0:03:56]} 44. Qe4 {[%clk 0:29:15]} Bg7 {[%clk 0:32:29]} 45. Qa8+
{[%clk 0:29:36]} Bf8 {[%clk 0:32:38]} 46. Qe4 {[%clk 0:29:50]} Kg7
{[%clk 0:32:39]} 47. h4 {[%clk 0:28:20]} f6 {[%clk 0:30:56]} 48. Kg4
{[%clk 0:21:00]} Qc8+ {[%clk 0:28:47]} 49. Qf5 {[%clk 0:20:26]} h5+
{[%clk 0:28:59]}  0-1

[Event "Olomouc Chess Summer 2022 - D"]
[Site "Olomouc (CZE), Hotel Flora"]
[Date "2022.08.14"]
[Round "3"]
[Board "15"]
[White "Krejci, Jan"]
[Black "Kasparek, Jiri"]
[Result "1-0"]
[WhiteElo "2055"]
[BlackElo "1760"]
[PlyCount "0"]
[EventDate "2022.08.13"]
[EventRounds "9"]
[EventCountry "CZE"]

1. Nf3 {[%clk 1:30:56]} g6 {[%clk 1:30:59]} 2. c4 {[%clk 1:31:17]} Bg7
{[%clk 1:31:26]} 3. d4 {[%clk 1:31:39]} d6 {[%clk 1:31:47]} 4. g3
{[%clk 1:31:47]} Nd7 {[%clk 1:32:12]} 5. Bg2 {[%clk 1:32:02]} e6 {[%clk 1:32:28]}
6. O-O {[%clk 1:32:21]} Ne7 {[%clk 1:32:51]} 7. Nc3 {[%clk 1:32:31]} h6
{[%clk 1:32:33]} 8. e4 {[%clk 1:32:20]} g5 {[%clk 1:22:21]} 9. Be3
{[%clk 1:30:46]} Ng6 {[%clk 1:22:17]} 10. Rc1 {[%clk 1:29:29]} O-O
{[%clk 1:22:34]} 11. Ne1 {[%clk 1:26:31]} e5 {[%clk 1:22:28]} 12. d5
{[%clk 1:25:00]} Nf6 {[%clk 1:22:40]} 13. f3 {[%clk 1:24:01]} a6 {[%clk 1:21:32]}
14. b4 {[%clk 1:24:04]} Bd7 {[%clk 1:20:59]} 15. Nd3 {[%clk 1:24:03]} Qe7
{[%clk 1:19:22]} 16. a4 {[%clk 1:23:31]} a5 {[%clk 1:18:28]} 17. Nb5
{[%clk 1:20:49]} Bxb5 {[%clk 1:16:44]} 18. cxb5 {[%clk 1:20:45]} axb4
{[%clk 1:16:06]} 19. Nxb4 {[%clk 1:20:29]} Ne8 {[%clk 1:13:00]} 20. Bh3
{[%clk 1:20:09]} Kh8 {[%clk 1:09:12]} 21. Rf2 {[%clk 1:19:52]} h5
{[%clk 1:05:54]} 22. Ra2 {[%clk 1:19:50]} Bh6 {[%clk 1:01:26]} 23. a5
{[%clk 1:19:49]} Nf6 {[%clk 0:58:49]} 24. Qc2 {[%clk 1:19:17]} Ne8
{[%clk 0:57:01]} 25. a6 {[%clk 1:19:08]} b6 {[%clk 0:55:56]} 26. Qc6
{[%clk 1:18:30]} Ra7 {[%clk 0:51:58]} 27. Bc8 {[%clk 1:17:14]} Nf4
{[%clk 0:51:25]} 28. gxf4 {[%clk 1:15:54]} gxf4 {[%clk 0:51:42]} 29. Bxb6
{[%clk 1:16:00]} cxb6 {[%clk 0:51:34]} 30. Qxb6 {[%clk 1:16:13]} Rg8+
{[%clk 0:51:29]} 31. Rg2 {[%clk 1:16:07]} Rxg2+ {[%clk 0:51:40]} 32. Kxg2
{[%clk 1:16:31]} f5 {[%clk 0:51:17]} 33. Kh1 {[%clk 1:14:25]} Rc7
{[%clk 0:48:15]} 34. Rxc7 {[%clk 1:12:56]} Nxc7 {[%clk 0:48:34]} 35. Bxf5
{[%clk 1:12:43]}  1-0

[Event "Olomouc Chess Summer 2022 - D"]
[Site "Olomouc (CZE), Hotel Flora"]
[Date "2022.08.14"]
[Round "3"]
[Board "16"]
[White "Burda, Josef"]
[Black "Mlynek, Petr"]
[Result "0-1"]
[WhiteElo "1756"]
[BlackElo "2047"]
[PlyCount "0"]
[EventDate "2022.08.13"]
[EventRounds "9"]
[EventCountry "CZE"]

1. c4 {[%clk 1:30:58]} c6 {[%clk 1:30:45]} 2. d4 {[%clk 1:31:06]} d5
{[%clk 1:31:07]} 3. Nf3 {[%clk 1:30:50]} e6 {[%clk 1:31:18]} 4. Nc3
{[%clk 1:28:34]} dxc4 {[%clk 1:30:54]} 5. a4 {[%clk 1:25:00]} Bb4
{[%clk 1:30:23]} 6. g3 {[%clk 1:22:15]} Nf6 {[%clk 1:28:16]} 7. Qc2
{[%clk 1:20:46]} b5 {[%clk 1:20:54]} 8. Bg2 {[%clk 1:20:38]} Bb7 {[%clk 1:21:04]}
9. O-O {[%clk 1:20:34]} a6 {[%clk 1:21:00]} 10. e4 {[%clk 1:13:12]} Nbd7
{[%clk 1:17:12]} 11. e5 {[%clk 1:10:02]} Nd5 {[%clk 1:17:01]} 12. Ng5
{[%clk 0:59:56]} Be7 {[%clk 1:10:46]} 13. f4 {[%clk 0:54:59]} Qb6
{[%clk 1:08:11]} 14. Ne2 {[%clk 0:51:58]} c5 {[%clk 1:07:07]} 15. Rd1
{[%clk 0:40:15]} cxd4 {[%clk 1:02:53]} 16. Nxd4 {[%clk 0:39:56]} Bxg5
{[%clk 0:53:47]} 17. fxg5 Nxe5 18. axb5 {[%clk 0:33:13]} Nd3 {[%clk 0:52:52]} 19.
Qxc4 {[%clk 0:31:40]} Nxc1 {[%clk 0:48:49]} 20. Qxc1 {[%clk 0:25:05]} O-O
{[%clk 0:37:45]} 21. bxa6 {[%clk 0:23:16]} Rxa6 {[%clk 0:30:42]} 22. Rxa6
{[%clk 0:23:28]} Qxa6 {[%clk 0:29:34]} 23. Qd2 {[%clk 0:21:19]} Qb6
{[%clk 0:26:57]} 24. Kh1 {[%clk 0:20:29]} g6 {[%clk 0:24:19]} 25. h4
{[%clk 0:20:18]} Rc8 {[%clk 0:22:59]} 26. Kh2 {[%clk 0:17:58]} Rc4
{[%clk 0:21:18]} 27. Nf3 {[%clk 0:12:03]} Ne3 {[%clk 0:20:03]} 28. Rc1
{[%clk 0:10:56]} Rb4 {[%clk 0:12:30]} 29. Rb1 {[%clk 0:03:32]} Nxg2
{[%clk 0:11:58]} 30. Kxg2 {[%clk 0:03:09]} Rb3 {[%clk 0:12:07]}  0-1

[Event "Olomouc Chess Summer 2022 - D"]
[Site "Olomouc (CZE), Hotel Flora"]
[Date "2022.08.15"]
[Round "4"]
[Board "1"]
[White "Sejkora, Vlastimil"]
[Black "Molnar, Jiri"]
[Result "1-0"]
[WhiteElo "2151"]
[BlackElo "1797"]
[PlyCount "0"]
[EventDate "2022.08.13"]
[EventRounds "9"]
[EventCountry "CZE"]

1. e4 {[%clk 1:30:58]} d5 {[%clk 1:27:49]} 2. exd5 {[%clk 1:31:12]} Qxd5
{[%clk 1:27:55]} 3. Nc3 {[%clk 1:31:40]} Qd8 {[%clk 1:27:59]} 4. d4
{[%clk 1:31:39]} Nf6 {[%clk 1:27:46]} 5. Nf3 {[%clk 1:30:16]} Bg4
{[%clk 1:26:34]} 6. Be2 {[%clk 1:28:34]} e6 {[%clk 1:26:11]} 7. O-O
{[%clk 1:28:33]} Be7 {[%clk 1:24:54]} 8. Be3 {[%clk 1:27:31]} O-O
{[%clk 1:24:30]} 9. h3 {[%clk 1:27:51]} Bh5 {[%clk 1:24:05]} 10. Na4
{[%clk 1:23:07]} c6 {[%clk 1:22:39]} 11. c4 {[%clk 1:23:27]} Nbd7
{[%clk 1:21:48]} 12. Nc3 {[%clk 1:22:31]} Qc7 {[%clk 1:21:44]} 13. Rc1
{[%clk 1:21:57]} Rfd8 {[%clk 1:11:31]} 14. Qd2 {[%clk 1:12:00]} Bb4
{[%clk 0:58:41]} 15. Bf4 {[%clk 1:08:09]} e5 {[%clk 0:50:49]} 16. dxe5
{[%clk 1:07:06]} Bxc3 {[%clk 0:16:12]} 17. Qxc3 {[%clk 1:02:46]} Re8
{[%clk 0:14:42]} 18. Rfe1 {[%clk 1:01:20]} Nc5 {[%clk 0:11:25]} 19. Bh2
{[%clk 0:41:14]} Nfe4 {[%clk 0:10:19]} 20. Qe3 {[%clk 0:37:45]} Qb6
{[%clk 0:09:36]} 21. b3 {[%clk 0:37:17]} f6 {[%clk 0:08:11]} 22. Rb1
{[%clk 0:31:29]} Bg6 {[%clk 0:07:24]} 23. b4 {[%clk 0:30:16]} Nd7
{[%clk 0:06:48]} 24. c5 {[%clk 0:30:41]} Qd8 {[%clk 0:06:28]} 25. Rbd1
{[%clk 0:27:18]} Qe7 {[%clk 0:05:08]} 26. Bc4+ {[%clk 0:25:51]} Kh8
{[%clk 0:05:25]} 27. e6 {[%clk 0:25:14]} Nf8 {[%clk 0:04:37]} 28. Bd6
{[%clk 0:23:42]}  1-0

[Event "Olomouc Chess Summer 2022 - D"]
[Site "Olomouc (CZE), Hotel Flora"]
[Date "2022.08.15"]
[Round "4"]
[Board "2"]
[White "Vales, Vaclav"]
[Black "Nemec, Pavel"]
[Result "0-1"]
[WhiteElo "2036"]
[BlackElo "2159"]
[PlyCount "0"]
[EventDate "2022.08.13"]
[EventRounds "9"]
[EventCountry "CZE"]

1. Nf3 {[%clk 1:30:57]} Nf6 {[%clk 1:30:50]} 2. d4 {[%clk 1:31:22]} g6
{[%clk 1:31:13]} 3. c4 {[%clk 1:31:21]} Bg7 {[%clk 1:31:33]} 4. Nc3
{[%clk 1:31:46]} O-O {[%clk 1:31:55]} 5. e4 {[%clk 1:31:40]} d6 {[%clk 1:32:18]}
6. Be2 {[%clk 1:31:47]} e5 {[%clk 1:32:39]} 7. O-O {[%clk 1:32:12]} Nc6
{[%clk 1:33:01]} 8. d5 {[%clk 1:32:38]} Ne7 {[%clk 1:33:20]} 9. Nd2
{[%clk 1:33:03]} a5 {[%clk 1:33:05]} 10. Rb1 {[%clk 1:32:40]} Nd7
{[%clk 1:33:23]} 11. a3 {[%clk 1:33:02]} f5 {[%clk 1:33:32]} 12. b4
{[%clk 1:33:28]} axb4 {[%clk 1:31:10]} 13. axb4 {[%clk 1:33:51]} Nf6
{[%clk 1:31:13]} 14. Qc2 {[%clk 1:32:00]} Kh8 {[%clk 1:31:31]} 15. Bb2
{[%clk 1:31:26]} c6 {[%clk 1:30:35]} 16. Ra1 {[%clk 1:24:10]} Rxa1
{[%clk 1:29:56]} 17. Rxa1 {[%clk 1:24:27]} fxe4 {[%clk 1:30:06]} 18. Ndxe4
{[%clk 1:11:11]} Nxe4 {[%clk 1:14:39]} 19. Qxe4 {[%clk 1:01:42]} Qb6
{[%clk 1:01:15]} 20. Qe3 {[%clk 0:58:19]} Qxb4 {[%clk 1:01:02]} 21. Ba3
{[%clk 0:35:15]} Qa5 {[%clk 1:01:27]} 22. Bb2 {[%clk 0:34:25]} Qc7
{[%clk 1:01:10]} 23. Bd3 {[%clk 0:28:27]} Bf5 {[%clk 0:55:36]} 24. Ra2
{[%clk 0:25:18]} cxd5 {[%clk 0:44:42]} 25. cxd5 {[%clk 0:23:19]} Bxd3
{[%clk 0:44:46]} 26. Qxd3 {[%clk 0:18:20]} Rc8 {[%clk 0:33:55]} 27. Ne4
{[%clk 0:12:46]} Nxd5 {[%clk 0:32:59]} 28. Ra1 {[%clk 0:10:04]} Qc6
{[%clk 0:25:16]} 29. Re1 {[%clk 0:04:34]} Nf4 {[%clk 0:12:10]} 30. Qxd6
{[%clk 0:04:11]} Ne2+ {[%clk 0:12:21]} 31. Kf1 {[%clk 0:02:23]} Qxe4
{[%clk 0:12:44]} 32. Qd1 {[%clk 0:02:22]} Qf4 {[%clk 0:11:26]} 33. Qxe2
{[%clk 0:02:05]} Qxh2 {[%clk 0:11:45]} 34. Qe4 {[%clk 0:02:19]} b6
{[%clk 0:04:11]} 35. g3 {[%clk 0:02:06]} Rf8 {[%clk 0:04:01]} 36. Qe3
{[%clk 0:01:44]} Qh1+ {[%clk 0:02:19]} 37. Ke2 {[%clk 0:02:09]} Qc6
{[%clk 0:02:09]} 38. Bxe5 {[%clk 0:01:43]} Qb5+ {[%clk 0:02:29]} 39. Kd2
{[%clk 0:01:20]} Bxe5 {[%clk 0:01:10]} 40. Qxe5+ {[%clk 0:01:00]} Qxe5
{[%clk 0:01:30]} 41. Rxe5 {[%clk 0:01:25]} Rxf2+ {[%clk 0:01:55]} 42. Ke3
{[%clk 0:01:17]} Rf7 {[%clk 0:01:33]}  0-1

[Event "Olomouc Chess Summer 2022 - D"]
[Site "Olomouc (CZE), Hotel Flora"]
[Date "2022.08.15"]
[Round "4"]
[Board "3"]
[White "Stigar, Petter"]
[Black "Jerman, Richard"]
[Result "1-0"]
[WhiteElo "2212"]
[BlackElo "2038"]
[PlyCount "0"]
[EventDate "2022.08.13"]
[EventRounds "9"]
[EventCountry "CZE"]

1. d4 {[%clk 1:30:57]} b5 {[%clk 1:31:13]} 2. e4 {[%clk 1:29:15]} a6 3. Bd3
{[%clk 1:28:16]} Bb7 {[%clk 1:31:24]} 4. Nf3 {[%clk 1:27:56]} e6 {[%clk 1:28:08]}
5. O-O {[%clk 1:25:01]} c5 {[%clk 1:23:51]} 6. Re1 {[%clk 1:22:31]} c4
{[%clk 1:23:37]} 7. Bf1 {[%clk 1:22:47]} Nf6 {[%clk 1:23:14]} 8. Bg5
{[%clk 1:19:33]} h6 {[%clk 1:18:51]} 9. Bxf6 {[%clk 1:19:47]} Qxf6
{[%clk 1:19:05]} 10. a4 {[%clk 1:19:07]} Qd8 {[%clk 1:15:02]} 11. Nc3
{[%clk 0:53:48]} Bb4 {[%clk 1:09:59]} 12. Re3 {[%clk 0:49:53]} Bxc3
{[%clk 1:05:39]} 13. bxc3 {[%clk 0:50:10]} d6 {[%clk 1:02:47]} 14. Qb1
{[%clk 0:48:14]} Qd7 {[%clk 1:02:11]} 15. axb5 {[%clk 0:48:04]} axb5
{[%clk 0:56:06]} 16. Rxa8 {[%clk 0:47:41]} Bxa8 {[%clk 0:56:34]} 17. Bxc4
{[%clk 0:47:34]} bxc4 {[%clk 0:56:23]} 18. Qxb8+ {[%clk 0:45:17]} Qd8
{[%clk 0:56:40]} 19. Qb5+ {[%clk 0:45:31]} Qd7 {[%clk 0:56:30]} 20. Qxc4
{[%clk 0:21:25]} O-O {[%clk 0:44:12]} 21. Qe2 {[%clk 0:19:35]} Bb7
{[%clk 0:41:49]} 22. h3 {[%clk 0:18:56]} Qa4 {[%clk 0:41:09]} 23. Qd2
{[%clk 0:14:20]} Ba6 {[%clk 0:37:15]} 24. e5 {[%clk 0:11:07]} d5 {[%clk 0:36:59]}
25. Nh2 {[%clk 0:08:51]} Kh7 {[%clk 0:34:12]} 26. Ng4 {[%clk 0:07:11]} Qb5
{[%clk 0:28:00]} 27. Rg3 {[%clk 0:02:44]} Qe2 {[%clk 0:23:16]} 28. Qf4
{[%clk 0:02:39]} Qxc2 {[%clk 0:17:33]} 29. Nf6+ {[%clk 0:01:51]} Kh8
{[%clk 0:17:34]} 30. Nd7 {[%clk 0:02:17]}  1-0

[Event "Olomouc Chess Summer 2022 - D"]
[Site "Olomouc (CZE), Hotel Flora"]
[Date "2022.08.15"]
[Round "4"]
[Board "4"]
[White "Dusbaba, Karel"]
[Black "Bartos, Jan"]
[Result "1/2-1/2"]
[WhiteElo "2005"]
[BlackElo "2137"]
[PlyCount "0"]
[EventDate "2022.08.13"]
[EventRounds "9"]
[EventCountry "CZE"]

1. c4 {[%clk 1:30:55]} Nf6 {[%clk 1:30:53]} 2. Nc3 {[%clk 1:31:16]} g6
{[%clk 1:31:18]} 3. d4 {[%clk 1:31:20]} Bg7 {[%clk 1:31:40]} 4. e4
{[%clk 1:31:45]} d6 {[%clk 1:32:06]} 5. f3 {[%clk 1:31:58]} O-O {[%clk 1:32:27]}
6. Be3 {[%clk 1:32:23]} c5 {[%clk 1:32:49]} 7. Nge2 {[%clk 1:29:15]} Nc6
{[%clk 1:32:45]} 8. Qd2 {[%clk 1:28:47]} Qa5 {[%clk 1:33:08]} 9. Rd1
{[%clk 1:23:55]} a6 {[%clk 1:29:15]} 10. a3 {[%clk 1:22:36]} Rd8 {[%clk 1:25:39]}
11. Nd5 {[%clk 1:20:46]} Qxd2+ {[%clk 1:15:00]} 12. Rxd2 {[%clk 1:20:41]} Nxd5
{[%clk 1:15:05]} 13. cxd5 {[%clk 1:20:01]} Nxd4 {[%clk 1:14:30]} 14. Nxd4
{[%clk 1:20:22]} cxd4 {[%clk 1:14:53]} 15. Bxd4 {[%clk 1:20:43]} Bxd4
{[%clk 1:15:19]} 16. Rxd4 {[%clk 1:21:07]} Bd7 {[%clk 1:15:30]} 17. Bd3
{[%clk 1:17:18]} Rdc8 {[%clk 1:14:48]} 18. Kd2 {[%clk 1:17:33]} Kg7
{[%clk 1:14:12]} 19. Rc1 {[%clk 1:16:54]} Rxc1 {[%clk 1:14:30]} 20. Kxc1
{[%clk 1:17:22]} Rc8+ {[%clk 1:14:54]} 21. Kd2 {[%clk 1:16:39]} Rc5
{[%clk 1:07:37]} 22. b4 {[%clk 1:15:26]}  1/2-1/2

[Event "Olomouc Chess Summer 2022 - D"]
[Site "Olomouc (CZE), Hotel Flora"]
[Date "2022.08.15"]
[Round "4"]
[Board "5"]
[White "Johnsen, Gunnar"]
[Black "Cap, Piotr"]
[Result "0-1"]
[WhiteElo "2137"]
[BlackElo "2025"]
[PlyCount "0"]
[EventDate "2022.08.13"]
[EventRounds "9"]
[EventCountry "CZE"]

1. d4 {[%clk 1:30:54]} g6 {[%clk 1:30:49]} 2. Nf3 {[%clk 1:30:34]} Bg7
{[%clk 1:31:06]} 3. e4 {[%clk 1:30:36]} d6 {[%clk 1:28:55]} 4. c3
{[%clk 1:29:28]} Nd7 {[%clk 1:27:30]} 5. Bd3 {[%clk 1:28:59]} e5 {[%clk 1:26:32]}
6. O-O {[%clk 1:28:04]} Ne7 {[%clk 1:24:41]} 7. dxe5 {[%clk 1:21:34]} dxe5
{[%clk 1:21:17]} 8. Be3 {[%clk 1:13:40]} O-O {[%clk 1:20:43]} 9. Nbd2
{[%clk 1:10:40]} h6 {[%clk 1:15:08]} 10. b4 {[%clk 0:44:10]} f5 {[%clk 1:07:57]}
11. g3 {[%clk 0:40:25]} f4 {[%clk 0:57:49]} 12. gxf4 {[%clk 0:40:30]} exf4
{[%clk 0:58:11]} 13. Bd4 {[%clk 0:40:54]} Nc6 {[%clk 0:56:59]}  0-1